000 01187nab a22002417a 4500
999 _c5973
_d5973
003 OSt
005 20260114154344.0
008 190605e xxu||||| |||| 00| 0 spa d
040 _cPJ
100 _aLitterio, Liliana Hebe
_94558
245 1 3 _aEl trabajo infantil en plena revolución 4.0 /
_cLiliana Hebe Litterio.
260 _aCiudad Autónoma de Buenos Aires :
_bThomson Reuters La Ley,
_c2022.
300 _ap. 23-30
500 _aCita: TR LALEY AR/DOC/2437/2022.
505 _aSumario: I. Introducción.— II. Algunas modalidades de trabajo infantil reemplazadas por la tecnología.— III. Algunas modalidades de explotación infantil exacerbadas por la tecnología.— IV. Las otras modalidades.— V. Breves reflexiones finales.
505 _t¿Te interesa el texto completo? Solicitalo al correo: koha@justierradelfuego.gov.ar
650 0 _91316
_aDERECHO LABORAL
650 0 _91323
_aCONTRATO DE TRABAJO
650 0 _91383
_aLEY DE CONTRATO DE TRABAJO
650 0 _91548
_aTRABAJO DE MENORES
773 0 _02711
_93168
_dCiudad Autónoma de Buenos Aires : Thomson Reuters La Ley, 1999-2002.
_tRevista de derecho del trabajo. Nº 5 - Septiembre 2022
942 _2udc
_cANA